000 00754 a2200217 4500
001 54750
005 20260407155823.0
008 260407a1984 arg spa d
003 AR-UNSa-BCEJYS
040 _aAR-UNSa-BCEJYS
_bspa
_cAR-UNSa-BCEJYS
080 _a316.7
_xSociología de la cultura. contexto cultural de la vida social (posmodernidad)
245 1 0 _aLos intelectuales y la organización de la cultura
020 _a950-602-016-7
264 1 _aBuenos Aires :
_bEdiciones Nueva Visión
_c1984
300 _a183 p.
_c20 cm.
505 _a1. Para una historia de los intelectuales - 2. La organización de la cultura - 3. Periodismo
041 _aspa
942 _cBK
590 _aniveau_biblio:m niveau_hierar:0
100 1 _aGramsci, Antonio
999 _c5772
_d5772